000 00290nam a22001217a 4500
008 180308b xxu||||| |||| 00| 0 eng d
041 _aeng
080 _a61
100 _a2
101 _aINF
245 _aDIAGNOSTIC AN STATISTICAL MANUAL MENTAL DISORDERS
_cJANET.B.W
942 _2udc
_cBK
999 _c44506
_d44506